<?xml version="1.0" encoding="UTF-8"?>
<record
    xmlns:xsi="http://www.w3.org/2001/XMLSchema-instance"
    xsi:schemaLocation="http://www.loc.gov/MARC21/slim http://www.loc.gov/standards/marcxml/schema/MARC21slim.xsd"
    xmlns="http://www.loc.gov/MARC21/slim">

  <leader>01983nab a2200289uuc4500</leader>
  <controlfield tag="001">1226172</controlfield>
  <controlfield tag="005">20240202100431.0</controlfield>
  <controlfield tag="008">101202s2009                        spa  </controlfield>
  <datafield tag="035" ind1=" " ind2=" ">
    <subfield code="a">1226172</subfield>
  </datafield>
  <datafield tag="035" ind1=" " ind2=" ">
    <subfield code="a">(OCoLC)820568248</subfield>
  </datafield>
  <datafield tag="040" ind1=" " ind2=" ">
    <subfield code="c">comduadb</subfield>
  </datafield>
  <datafield tag="041" ind1=" " ind2=" ">
    <subfield code="a">spa</subfield>
  </datafield>
  <datafield tag="100" ind1="1" ind2="0">
    <subfield code="a">Rios Erazo, Matias</subfield>
    <subfield code="4">aut</subfield>
    <subfield code="e">aut</subfield>
    <subfield code="9">600238</subfield>
  </datafield>
  <datafield tag="245" ind1="1" ind2="0">
    <subfield code="a">Perfil psicol&#xF3;gico de los estudiantes de primer a&#xF1;o de enfermer&#xED;a: estudio preliminar</subfield>
  </datafield>
  <datafield tag="260" ind1=" " ind2=" ">
    <subfield code="c">2009.</subfield>
  </datafield>
  <datafield tag="520" ind1="3" ind2=" ">
    <subfield code="a">La presente investigaci&#xF3;n tuvo como prop&#xF3;sito elaborar un perfil de los estudiantes de primer a&#xF1;o de la carrera de Enfermer&#xED;a de la Universidad Santo Tom&#xE1;s, con la finalidad de obtener informaci&#xF3;n sobre los diversos &#xE1;mbitos del funcionamiento del alumno. Se realiz&#xF3; un estudio de tipo exploratorio-descriptivo, con una muestra compuesta por 71 sujetos de ambos sexos. A &#xE9;stos se les aplicaron los inventarios de personalidad MIPS (Inventario Mill&#xF3;n de Estilos de Personalidad) y el POI (Inventario de Auto-Actualizaci&#xF3;n Personal). Los resultados indican que los sujetos en el MIPS manifiestan una presencia marcada de los rasgos: apertura, sensaci&#xF3;n, sistematizaci&#xF3;n, firmeza, conformismo y control. Los hallazgos del POI indican que los estudiantes presentan un alto nivel de autoaprecio, y un adecuado nivel de autonom&#xED;a, espontaneidad, autoaceptaci&#xF3;n y aceptaci&#xF3;n de la agresi&#xF3;n</subfield>
  </datafield>
  <datafield tag="650" ind1=" " ind2=" ">
    <subfield code="a">Perfil psicol&#xF3;gico</subfield>
    <subfield code="9">38024</subfield>
  </datafield>
  <datafield tag="650" ind1=" " ind2="7">
    <subfield code="a">Estudiantes de enfermeria</subfield>
    <subfield code="2">dcs</subfield>
    <subfield code="9">21633</subfield>
  </datafield>
  <datafield tag="650" ind1=" " ind2=" ">
    <subfield code="a">MIPS (Inventario de estilos de personalidad de Mill&#xF3;n)</subfield>
    <subfield code="9">108646</subfield>
  </datafield>
  <datafield tag="650" ind1=" " ind2=" ">
    <subfield code="a">Inventario de auto-actualizacion personal (POI)</subfield>
    <subfield code="9">188466</subfield>
  </datafield>
  <datafield tag="700" ind1="1" ind2="0">
    <subfield code="a">Moncada Arroyo, Laura</subfield>
    <subfield code="4">aut</subfield>
    <subfield code="e">aut</subfield>
    <subfield code="9">596238</subfield>
  </datafield>
  <datafield tag="700" ind1="1" ind2="0">
    <subfield code="a">Llanos Roman, Gabriela</subfield>
    <subfield code="4">aut</subfield>
    <subfield code="e">aut</subfield>
    <subfield code="9">596239</subfield>
  </datafield>
  <datafield tag="700" ind1="1" ind2="0">
    <subfield code="a">Santana Gonzalez, Rosario</subfield>
    <subfield code="4">aut</subfield>
    <subfield code="e">aut</subfield>
    <subfield code="9">596240</subfield>
  </datafield>
  <datafield tag="700" ind1="1" ind2="0">
    <subfield code="a">Salinas Galvez, Herminia</subfield>
    <subfield code="4">aut</subfield>
    <subfield code="e">aut</subfield>
    <subfield code="9">596241</subfield>
  </datafield>
  <datafield tag="773" ind1="0" ind2=" ">
    <subfield code="t">Ciencia y Enfermer&#xED;a (Concepci&#xF3;n)</subfield>
    <subfield code="g">Vol. 15, No. 01, Abr. 2009, p. 99-108</subfield>
    <subfield code="w">375331</subfield>
    <subfield code="x">0717-2079</subfield>
    <subfield code="0">111071</subfield>
  </datafield>
  <datafield tag="942" ind1=" " ind2=" ">
    <subfield code="c">ARIMP</subfield>
  </datafield>
  <datafield tag="999" ind1=" " ind2=" ">
    <subfield code="c">568873</subfield>
    <subfield code="d">568873</subfield>
  </datafield>
</record>
